000 00494nam a2200205Ia 4500
003 OSt
005 20221005122000.0
006 a|||||r|||| 00| 0
007 ta
008 221004b |||||||| |||| 00| 0 eng d
024 _a114777
037 _cTextual
040 _aCRL
_cCRL
_beng
041 _2eng
_aeng
100 _aAgrawal A N
245 0 _aIndian economy
_b Problems of development planning
260 _c1989
942 _cTEXL
_2cc
999 _c1042893
_d1042893